LEADER 01014nam a2200265 a 4500 001 000000144763 003 CaOOAMICUS 005 20150709143329.0 008 150709s2011 it a u000 u ita r 020 $a978-88-903559-4-3 040 $aPUL$bita 100 1 $aFerrara, Christopher A.$0(OLS)http://pul/name/92802 245 13$aIl segreto ancora nascosto /$cdi Christopher A. Ferrara. 250 $a2. ed. 260 $aRoma :$bAssociazione Madonna di Fatima,$c©2011. 300 $a342 p. ;$c23 cm 504 $aBibliografia p. [340]-342. 651 4$aFatima.$0(OLS)http://pul/subject/29261 850 $aPUL 852 $aPUL$W1$xDP1 Fondo S. Lanza$y121$m3 J 45$j167145$qFondi$B167729$CPULBib$Z2$F167729 $HLan1376 $82 941 1 $a1 996 $6020$a978-88-903559-4-3$9(OLS)http://pul/number/158276 996 $6245$aIl segreto ancora nascosto$9(OLS)http://pul/title/183117 996 $6260$aRoma :$bAssociazione Madonna di Fatima$9(OLS)http://pul/publisher/83587 LEADER 01445nam a2200337 a 4500 001 000000132855 003 CaOOAMICUS 005 20130218140144.0 008 130218s2012 it ad u0000u ita r 020 $a978-88-6030-469-8 040 $aPUL$bita 041 1 $aita$heng 082 04$a152.4 100 1 $aBaron-Cohen, Simon.$0(OLS)http://pul/name/85629 240 10$aScience of evil.$lItaliano.$0(OLS)http://pul/title/167849 245 13$aLa scienza del male :$bl'empatia e le origini della crudeltà /$cSimon Baron-Cohen. 260 $aMilano :$bRaffaello Cortina,$c©2012. 300 $aXIII, 221 p. :$bill., grafici ;$c23 cm. 490 1 $aScienza e idee ;$v226 504 $aBibliografia p. 183-210. 650 4$aEmpatia.$0(OLS)http://pul/subject/39384 650 4$aViolenza$xAspetti psicologici.$0(OLS)http://pul/subject/39388 830 0$aScienza e idee (Raffaello Cortina) ;$v226.$0(OLS)http://pul/title/60185 850 $aPUL 852 $aPUL$W1$xSL Filosofia 3$y81$m152. 4 BARSI 1$j152781$b $qDDC 21$B152232$CPULBib$Z2$F152232 $H121651 $81 941 1 $a9 996 $6020$a978-88-6030-469-8$9(OLS)http://pul/number/151872 996 $6082$a152.4$9(OLS)http://pul/classification/638 996 $6245$aLa scienza del male :$bl'empatia e le origini della crudeltà$9(OLS)http://pul/title/167850 996 $6260$aMilano :$bRaffaello Cortina$9(OLS)http://pul/publisher/63509